Statistics for WW2 Belligerents By Casualties

Click here to take the quiz!

General Stats

  • This quiz has been taken 222 times
    (216 since last reset)
  • The average score is 32 of 40

Answer Stats

HintAnswer% Correct
14M - 15MGermany
99%
35M - 42MSoviet Union
99%
827,139United Kingdom
99%
17M - 22MChina
98%
990,000France
98%
2.8M - 3.4MJapan
98%
96,774Canada
94%
717,000 - 834,000Italy
94%
1,091,201United States
94%
2.2M - 3.1MBritish Raj
93%
212,860Netherlands
93%
6.8MPoland
93%
80,203Australia
92%
143,513Belgium
91%
832,000Romania
91%
293,000Finland
89%
10,564Norway
89%
8,000Denmark
87%
557,000 - 857,000Greece
87%
450,000 - 950,000Hungary
87%
1.4M - 2.1MYugoslavia
85%
43,378Bulgaria
84%
31,014New Zealand
84%
6,222Brazil
79%
100Mexico
76%
7,106Luxembourg
74%
340,000 - 355,000Czechoslovakia
71%
83,000Estonia
71%
250,000Latvia
71%
370,000Lithuania
71%
26,263South Africa
71%
557,000Philippines
66%
7,600Thailand
65%
200Iran
64%
700Iraq
62%
300Mongolia
53%
100,000British Malaya
50%
252,600Burma
50%
3M - 4MDutch East Indies
34%
1M - 2.2MFrench Indochina
29%

Score Distribution

Percentile by Number Answered

Percent of People with Each Score

Your Score History

You have not taken this quiz since the last reset